Moje najkrajšie rozprávky

Bibliographic Details
Main Authors: Sójka-Leszczyńska, Anna (Author), Przewoźniak, Marcin, 1969- (Author)
Other Authors: Fic, Dorota (Illustrator), Hamera, Andrzej (Illustrator), Samol, Dominik (Illustrator), Kněžourková, Lucie (Translator), Hrudová, Soňa (Translator)
Format: Book
Language:Slovak
Polish
PhysicalDescription:364 s. ilustr. 30 cm
Published: Praha Ottovo nakladatelství 2013
ISBN:9788073608903
Subjects:

MARC

LEADER 00000nam a2200000 a 4500
001 vtls010583453
003 SK-MaSNL
005 20260301145604.0
008 240313s2013 xr a b 000 j slo
015 |a SNBZSA2014-001794 
020 |a 9788073608903  |q (viaz.) 
040 |a SNK  |b slo  |c SNK  |e AACR2 
041 1 |a slo  |h pol 
044 |a xr  |c CZ 
072 7 |a 821-93  |x Literatúra pre deti a mládež (beletria)  |2 konspekt 
080 |a 821-34  |2 2001 
080 |a 821-93  |2 2001 
080 |a (0:82-34)  |2 2001 
100 1 |a Sójka-Leszczyńska, Anna  |4 aut  |9 424800 
240 1 0 |a Ksiega najpiekniejszych bajek  |l Slovensky 
245 1 0 |a Moje najkrajšie rozprávky  |c [podľa rozprávok H.Ch. Andersena, J. a W. Grimma, Ch. Perraulta napísala Anna Sójka-Leszczyńska, podľa ruských rozprávok a Ezopových bájok napísal Marcin Przewoźniak ; ilustrácie Dorota Fic, Andrzej Hamera, Dominik Samol ; z polského originálu preložili Lucie Kněžourková a Soňa Hrudová] 
260 |a Praha  |b Ottovo nakladatelství  |c 2013 
300 |a 364 s.  |b ilustr.  |c 30 cm 
655 7 |a rozprávky  |2 SNKPH  |9 70597 
655 7 |a publikácie pre deti  |2 SNKPH  |9 70148 
655 7 |a Fairy tales  |2 SNKPHeng  |9 265887 
655 7 |a Children's literature  |2 SNKPHeng  |9 276039 
700 1 |a Przewoźniak, Marcin,  |d 1969-  |4 aut  |9 424801 
700 1 |a Fic, Dorota  |4 ill  |9 317361 
700 1 |a Hamera, Andrzej  |4 ill  |9 317362 
700 1 |a Samol, Dominik  |4 ill  |9 317363 
700 1 |a Kněžourková, Lucie  |4 trl  |9 424802 
700 1 |a Hrudová, Soňa  |4 trl  |9 324151 
919 |a 978-80-7360-890-3 
958 |a ZS 
958 |a SK 
958 |a CZ 
958 |a PL 
958 |a UP 
958 |a DB 
958 |a LX 
999 |c 780697  |d 782627 
952 |a SNK  |b SNK  |y PREZ  |7 0  |p 17A1107167  |o snkSB 86497  |i snk2014/8040  |8 3  |g 13.27  |0 0  |1 0  |4 0  |d 2014-03-17  |l 0  |r 2025-05-07 00:00:00  |w 2026-02-24